书目信息 |
| 题名: |
家国十年
|
|
| 作者: | 张新蚕 著 | |
| 分册: | ||
| 出版信息: | 北京 人民出版社 2018 |
|
| 页数: | 343页 | |
| 开本: | 24cm | |
| 丛书名: | ||
| 单 册: | ||
| 中图分类: | I25 , K828.5 | |
| 科图分类: | ||
| 主题词: | 妇女--fu nv--日记--中国--现代 , 文化大革命--Wen Hua Da Ge Ming--史料--中国 | |
| 电子资源: | ||
| ISBN: | 978-7-01-019027-3 | |
| 000 | 01181nam0 2200277 450 | |
| 001 | 012001010496 | |
| 005 | 20131102105519.0 | |
| 010 | @a978-7-01-019027-3@dCNY78.00 | |
| 099 | @aCAL 012018139788 | |
| 100 | @a20181105d2018 ekmy0chiy50 ea | |
| 101 | 0 | @achi |
| 102 | @aCN@b110000 | |
| 105 | @aach z 000zy | |
| 106 | @ar | |
| 200 | 1 | @a家国十年@AJia Guo Shi Nian@e红色少年日记@f张新蚕著 |
| 210 | @a北京@c人民出版社@d2018 | |
| 215 | @a343页@c图, 肖像, 摹真@d24cm | |
| 330 | @a本书以一个14岁花季少女的经历为主线, 记述了特殊年代的特殊群体, 从雏形、产生、发展, 直至结束的全过程。在长达十年的少年时代, 这个特殊群体都在想些什么, 说些什么, 做了些什么。了解了她们的成长史, 不仅让人扪心自问, 当年中国的教育界到底发生了什么问题 这部直面社会现实、长达30万字的文字资料是在无意中保存下来的, 尘封长达40个年头, 不仅具有重要的史料价值, 也会引起人们对一些社会问题的反思。 | |
| 517 | 1 | @a红色少年日记@AHong Se Shao Nian Ri Ji |
| 606 | 0 | @a妇女@Afu nv@x日记@y中国@z现代 |
| 606 | 0 | @a文化大革命@AWen Hua Da Ge Ming@x史料@y中国 |
| 690 | @aI25@v4 | |
| 690 | @aK828.5@v4 | |
| 701 | 0 | @a张新蚕@AZhang Xin Can@4著 |
| 801 | 0 | @aCN@b上海新华@c20191020 |
| 905 | @b1181789-92@dI25@e1143@f4 | |
| 家国十年:红色少年日记/张新蚕著.-北京:人民出版社,2018 |
| 343页:图, 肖像, 摹真;24cm |
| ISBN 978-7-01-019027-3:CNY78.00 |
| 本书以一个14岁花季少女的经历为主线, 记述了特殊年代的特殊群体, 从雏形、产生、发展, 直至结束的全过程。在长达十年的少年时代, 这个特殊群体都在想些什么, 说些什么, 做了些什么。了解了她们的成长史, 不仅让人扪心自问, 当年中国的教育界到底发生了什么问题 这部直面社会现实、长达30万字的文字资料是在无意中保存下来的, 尘封长达40个年头, 不仅具有重要的史料价值, 也会引起人们对一些社会问题的反思。 |
| ● |
| 相关链接 |
|
|
|
|
正题名:家国十年
索取号:I25/1143
 
预约/预借
| 序号 | 登录号 | 条形码 | 馆藏地/架位号 | 状态 | 备注 |
| 1 | 1181789 | 211817890 | 第一样本阅览室/ [索取号:I25/1143] | 在馆 | |
| 2 | 1181790 | 211817907 | 第二借阅区/ [索取号:I25/1143] | 在馆 | |
| 3 | 1181791 | 211817916 | 第二借阅区/ [索取号:I25/1143] | 在馆 | |
| 4 | 1181792 | 211817925 | 第二借阅区/ [索取号:I25/1143] | 在馆 |